000 00498nam a22001817a 4500
005 20251108173243.0
008 250721s9999 xx 000 0 ara d
082 1 4 _aط/ق/لند
100 1 _aلندن، جاك
245 1 0 _aنداء الغابة /
264 1 _aدمشق :
_bدار ربيع للنشر،
300 _a189ص
650 1 7 _aالروايات
653 _aناشاون صغار (10-14) سنه
700 1 _aخشفه، محمد نديم
942 _2ddc
_cBK
999 _c99622
_d99622